00000000nam 2200000zi 4500
0019.947277
003CaOODSP
00520250303103444
006m     o  d f      
007cr |n|||||||||
008250122s1949    oncad   ob   f000 0 eng d
040 |aCaOODSP|beng|erda|cCaOODSP
043 |an-cn-mb
0861 |aA52-264/1949E-PDF
0861 |zA51-73E-PDF
1001 |aHopper, R. M., |eauthor.
24510|aDominion Experimental Farm, Brandon, Manitoba : |bprogress report, 1937-1947 / |cR. M. Hopper.
264 1|aOttawa, Canada : |bMinister of Agriculture, |c[1949]
300 |a1 online resource (115 pages) : |billustrations, chart
336 |atext|btxt|2rdacontent
337 |acomputer|bc|2rdamedia
338 |aonline resource|bcr|2rdacarrier
500 |aDigitized edition from print [provided by Agriculture and Agri-Food Canada].
504 |aIncludes bibliographical references (page 115).
61010|aCanada. |bExperimental Farm (Brandon, Man.)
61025|aFerme expérimentale de Brandon (Canada)
650 0|aAgricultural experiment stations|zManitoba|zBrandon.
650 6|aStations agronomiques|zManitoba|zBrandon.
7101 |aCanada. |bExperimental Farm (Brandon, Man.), |eissuing body.
7101 |aCanada. |bExperimental Farms Service, |eissuing body.
85640|qPDF|s21.0 MB|uhttps://publications.gc.ca/collections/collection_2024/aac-aafc/A51-73-1937-eng.pdf
986 |a15M—12135—1:49